Geography Quiz

Random Geography or State Quiz

States by Consonants Quiz Stats

 Plays Quiz not verified by Sporcle

Challenge
Share
Tweet
Embed
Score 0/50 Timer 05:00
0 Plays Today
Consonants State % Correct
wshngtnWashington
97%
sth dktSouth Dakota
97%
wymngWyoming
96%
wscnsnWisconsin
96%
kntckyKentucky
96%
nw jrsyNew Jersey
96%
clfrnCalifornia
95%
txsTexas
95%
rknssArkansas
95%
mchgnMichigan
95%
sth crlnSouth Carolina
95%
vrgnVirginia
95%
mrylndMaryland
95%
clrdColorado
94.1%
knssKansas
94.1%
nbrskNebraska
94.1%
nrth dktNorth Dakota
94.1%
mssssppMississippi
94.1%
grgGeorgia
94.1%
flrdFlorida
94.1%
pnnsylvnPennsylvania
94.1%
nw yrkNew York
94.1%
nw hmpshrNew Hampshire
94.1%
cnnctctConnecticut
94.1%
vrmntVermont
94.1%
Consonants State % Correct
nw mxcNew Mexico
93.1%
llnsIllinois
93.1%
tnnssTennessee
93.1%
wst vrgnWest Virginia
93.1%
dlwrDelaware
93.1%
rhd slndRhode Island
93.1%
msschsttsMassachusetts
93.1%
hwHawaii
93.1%
nvdNevada
92.1%
rznArizona
92.1%
mntnMontana
92.1%
mnnstMinnesota
92.1%
nth crlnNorth Carolina
92.1%
klhmOklahoma
91.1%
lskAlaska
91.1%
lbmAlabama
90.1%
rgnOregon
90.1%
mssrMissouri
88.1%
hOhio
88.1%
ndnIndiana
87.1%
dhIdaho
86.1%
wIowa
84.2%
lsnLouisiana
83.2%
mnMaine
81.2%
thUtah
73.3%

You're not logged in!

Compare scores with friends on all Sporcle quizzes.
OR
Log In

You Might Also Like...

Show Comments

Extras

Created May 17, 2010ReportNominate
Tags:State Quiz, consonant

Top Quizzes Today


Score Distribution

Your Account Isn't Verified!

In order to create a playlist on Sporcle, you need to verify the email address you used during registration. Go to your Sporcle Settings to finish the process.

Report this User

Report this user for behavior that violates our Community Guidelines.

Details: